[Event "22nd European Teams"]
[Site "Batumi GEO"]
[Date "2019.11.01"]
[Round "8.19"]
[Board "1"]
[White "Djukic, Nikola"]
[Black "Dervishi, Erald"]
[Result "1-0"]
[WhiteTitle "GM"]
[BlackTitle "GM"]
[WhiteElo "2517"]
[BlackElo "2546"]
[WhiteTeam "Montenegro"]
[BlackTeam "Albania"]
[WhiteFideId "922412"]
[BlackFideId "4700236"]
[EventDate "2019.10.24"]

1. e4 e5 2. Nf3 Nc6 3. Bb5 a6 4. Ba4 Nf6 5. O-O Be7 6. Re1 b5 7. Bb3 d6 8. c3
O-O 9. h3 Nb8 10. d4 Nbd7 11. Nbd2 Bb7 12. Bc2 Re8 13. Nf1 Bf8 14. Ng3 g6 15. a4
c5 16. d5 c4 17. Bg5 h6 18. Be3 Bg7 19. Qd2 h5 20. Ra3 Nc5 21. Bg5 Qc7 22. Rea1
Reb8 23. Qe2 Nh7 24. Be3 Bf6 25. Qf1 h4 26. Ne2 Bd8 27. axb5 axb5 28. Rxa8 Bxa8
29. Nd2 Bb7 30. f4 exf4 31. Qxf4 Bg5 32. Qf2 Bxe3 33. Qxe3 Qe7 34. Qf2 Bc8 35.
Nd4 Bd7 36. Ra7 Rb7 37. Ra8+ Kg7 38. N4f3 b4 39. Qd4+ Nf6 40. Qxc4 Bb5 41. Qd4
bxc3 42. bxc3 Be2 43. e5 dxe5 44. Nxe5 Qd6 45. c4 Re7 46. Nc6 Rc7 47. Qxh4 Bh5
48. Rd8 Ncd7 49. Qf2 Qa3 50. Nf1 Rb7 51. Ne3 Rb2 52. Nd4 Rb8 53. Rxb8 Nxb8 54.
g4 Nbd7 55. gxh5 Nxh5 56. Ne2 Ne5 57. Kg2 Nf6 58. Qf4 Qa1 59. Qd4 Qe1 60. Ng3
Ned7 61. c5 Qa5 62. c6 Nb6 63. Ne4 1-0

[Event "22nd European Teams"]
[Site "Batumi GEO"]
[Date "2019.11.01"]
[Round "8.19"]
[Board "2"]
[White "Mehmeti, Dritan"]
[Black "Blagojevic, Dragisa"]
[Result "0-1"]
[WhiteTitle "IM"]
[BlackTitle "GM"]
[WhiteElo "2359"]
[BlackElo "2500"]
[WhiteTeam "Albania"]
[BlackTeam "Montenegro"]
[WhiteFideId "4700600"]
[BlackFideId "900885"]
[EventDate "2019.10.24"]

1. d4 d5 2. Nf3 Nf6 3. Bf4 c5 4. dxc5 e6 5. e3 Bxc5 6. Nbd2 Nc6 7. c3 Qe7 8. Nb3
Bd6 9. Bg5 h6 10. Bh4 g5 11. Bg3 e5 12. Nfd2 Bd7 13. Be2 O-O-O 14. Qc2 Kb8 15.
a3 Ne4 16. O-O-O Bf5 17. Bd3 Nxg3 18. hxg3 e4 19. Be2 Be5 20. Kb1 Bg6 21. Ka2
Rc8 22. Bh5 Bh7 23. Bg4 f5 24. Be2 Bg7 25. c4 Rhd8 26. c5 Bg8 27. g4 d4 28. Bc4
Bh7 29. exd4 Nxd4 30. Nxd4 Rxd4 31. Nb3 Rxd1 32. Rxd1 fxg4 33. Rd6 Rxc5 34. Nxc5
Qxd6 35. Be6 a6 36. Bxg4 Bd4 37. Nb3 Bb6 38. f3 Qc7 39. Qe2 exf3 40. Bxf3 Qc2
41. Qxc2 Bxc2 42. Nd2 Kc7 43. b4 Bf5 44. g4 Be6+ 45. Kb2 Bd4+ 46. Kc2 b5 47. Ne4
Kb6 48. Nc3 Kc7 49. Ne4 Bc8 50. Kb3 Be3 51. a4 Be6+ 52. Kb2 bxa4 53. Nc5 Bxc5
54. bxc5 Bxg4 55. Bxg4 Kc6 56. Bd1 Kxc5 57. Bxa4 g4 0-1

[Event "22nd European Teams"]
[Site "Batumi GEO"]
[Date "2019.11.01"]
[Round "8.19"]
[Board "3"]
[White "Kosic, Dragan"]
[Black "Ashiku, Franc"]
[Result "1-0"]
[WhiteTitle "GM"]
[BlackTitle "FM"]
[WhiteElo "2478"]
[BlackElo "2424"]
[WhiteTeam "Montenegro"]
[BlackTeam "Albania"]
[WhiteFideId "900290"]
[BlackFideId "4700066"]
[EventDate "2019.10.24"]

1. d4 f5 2. Nc3 Nf6 3. Bg5 d5 4. Bxf6 exf6 5. e3 Be6 6. Bb5+ c6 7. Bd3 Qd7 8.
Qf3 g5 9. g4 f4 10. h3 Bd6 11. Nge2 fxe3 12. fxe3 Rf8 13. O-O-O Na6 14. a3 Nc7
15. Ng3 Bxg3 16. Qxg3 O-O-O 17. Rdf1 Qe7 18. Rf3 Ne8 19. Rhf1 Nd6 20. Qf2 Bd7
21. Kb1 Kc7 22. Ne2 h5 23. gxh5 f5 24. Ng3 Ne4 25. Qh2 Qd6 26. Qg2 f4 27. Bxe4
dxe4 28. Nxe4 Qd5 29. Nxg5 fxe3 30. Qh2+ Qd6 31. Qxd6+ Kxd6 32. Rxf8 e2 33.
R8f6+ 1-0

[Event "22nd European Teams"]
[Site "Batumi GEO"]
[Date "2019.11.01"]
[Round "8.19"]
[Board "4"]
[White "Pasko, Llambi"]
[Black "Draskovic, Luka"]
[Result "0-1"]
[WhiteTitle "IM"]
[BlackTitle "IM"]
[WhiteElo "2443"]
[BlackElo "2460"]
[WhiteTeam "Albania"]
[BlackTeam "Montenegro"]
[WhiteFideId "4701178"]
[BlackFideId "944335"]
[EventDate "2019.10.24"]

1. d4 Nf6 2. c4 g6 3. Nf3 Bg7 4. Nc3 O-O 5. e4 d6 6. Be2 Na6 7. O-O e5 8. d5 Nc5
9. Qc2 a5 10. Be3 Ng4 11. Bg5 f6 12. Bh4 h5 13. h3 Nh6 14. Nd2 Qe8 15. Nb3 b6
16. Nxc5 bxc5 17. b3 g5 18. Bg3 Qg6 19. Qd1 g4 20. hxg4 hxg4 21. Qe1 f5 22. exf5
Nxf5 23. Bd3 Qh5 24. Ne4 Nd4 25. Nd2 Bf5 26. Be4 Bh6 27. Rd1 Bxe4 28. Qxe4 Rf6
29. f3 Bxd2 30. Rxd2 Raf8 31. Bf2 Rf4 32. Qe1 Nxf3+ 33. gxf3 Rxf3 34. Re2 Qh3
35. Qb1 g3 0-1

[Event "22nd European Teams"]
[Site "Batumi GEO"]
[Date "2019.11.01"]
[Round "8.20"]
[Board "1"]
[White "Pultinevicius, Paulius"]
[Black "Tate, Alan"]
[Result "1-0"]
[WhiteTitle "IM"]
[BlackTitle "FM"]
[WhiteElo "2503"]
[BlackElo "2352"]
[WhiteTeam "Lithuania"]
[BlackTeam "Scotland"]
[WhiteFideId "12809390"]
[BlackFideId "2401878"]
[EventDate "2019.10.24"]

1. d4 Nf6 2. c4 e6 3. Nf3 d5 4. Bg5 Be7 5. Nc3 O-O 6. e3 h6 7. Bh4 Nbd7 8. Qc2
b6 9. cxd5 exd5 10. Bd3 Bb7 11. O-O c5 12. Rad1 Re8 13. Rfe1 c4 14. Bf5 Nf8 15.
Ne5 g6 16. Bh3 N6h7 17. Bg3 Ng5 18. Bg4 h5 19. Be2 Bb4 20. f3 Kg7 21. a3 Bxc3
22. Qxc3 f6 23. e4 Rc8 24. Rf1 Nge6 25. exd5 Bxd5 26. f4 f5 27. Qe1 b5 28. h3
Kh7 29. Kh2 Ng7 30. Bh4 Qb6 31. g4 a5 32. gxh5 Nxh5 33. Bxh5 gxh5 34. Qg3 Ng6
35. Rg1 Rg8 36. Nd7 Nxh4 37. Qxh4 Rxg1 38. Rxg1 Qh6 39. Qe7+ 1-0

[Event "22nd European Teams"]
[Site "Batumi GEO"]
[Date "2019.11.01"]
[Round "8.20"]
[Board "2"]
[White "Olson, Hamish"]
[Black "Laurusas, Tomas"]
[Result "0-1"]
[WhiteTitle "FM"]
[BlackTitle "IM"]
[WhiteElo "2288"]
[BlackElo "2501"]
[WhiteTeam "Scotland"]
[BlackTeam "Lithuania"]
[WhiteFideId "2404257"]
[BlackFideId "12803731"]
[EventDate "2019.10.24"]

1. d4 Nf6 2. Nf3 g6 3. Nbd2 d5 4. e3 a5 5. c4 Bg7 6. cxd5 Nxd5 7. Be2 O-O 8. O-O
a4 9. a3 Nc6 10. Re1 Nb6 11. Nc4 Be6 12. Nxb6 cxb6 13. b4 axb3 14. Rb1 Na5 15.
e4 Bg4 16. Be3 Rc8 17. h3 Bxf3 18. Bxf3 Qd6 19. e5 Qxa3 20. Bc1 Qa2 21. Rb2 Qa1
22. Rbe2 Rc4 23. Bb2 Qxd1 24. Rxd1 Rfc8 25. Be4 Bh6 26. d5 Rc2 27. d6 Rxe2 28.
dxe7 Bg5 0-1

[Event "22nd European Teams"]
[Site "Batumi GEO"]
[Date "2019.11.01"]
[Round "8.20"]
[Board "3"]
[White "Brazdzionis, Andrius"]
[Black "Morrison, Graham SCO"]
[Result "1-0"]
[BlackTitle "FM"]
[WhiteElo "2355"]
[BlackElo "2262"]
[WhiteTeam "Lithuania"]
[BlackTeam "Scotland"]
[WhiteFideId "12804479"]
[BlackFideId "2400090"]
[EventDate "2019.10.24"]

1. d4 Nf6 2. c4 e6 3. Nf3 b6 4. a3 Bb7 5. Nc3 d5 6. cxd5 Nxd5 7. Qc2 Nxc3 8.
bxc3 Be7 9. e4 O-O 10. Bd3 c5 11. O-O Qc7 12. Qe2 Nd7 13. Bd2 Rfd8 14. a4 Rac8
15. Rfd1 Nf8 16. h4 h6 17. a5 c4 18. Bc2 b5 19. a6 Ba8 20. g3 Rb8 21. Kh2 Rb6
22. Ne5 f6 23. Ng4 h5 24. Ne3 g6 25. Ng2 Bd6 26. Be3 Rbb8 27. Bh6 Qh7 28. Bf4 e5
29. dxe5 Bxe5 30. Bxe5 fxe5 31. Ne3 Ne6 32. Nd5 Qf7 33. Qe3 Kg7 34. f4 exf4 35.
Nxf4 Nxf4 36. gxf4 Qe7 37. Qf2 Kh6 38. Qg3 Rxd1 39. Rxd1 Rb6 40. Qg5+ Qxg5 41.
hxg5+ Kg7 42. Rd7+ Kf8 43. Rd8+ Ke7 44. Rxa8 Rxa6 45. Bd1 Ra2+ 46. Kg3 Ra3 47.
f5 Rxc3+ 48. Kf4 Rd3 49. fxg6 1-0

[Event "22nd European Teams"]
[Site "Batumi GEO"]
[Date "2019.11.01"]
[Round "8.20"]
[Board "4"]
[White "Abdulla, Murad"]
[Black "Klabis, Rokas"]
[Result "0-1"]
[WhiteTitle "FM"]
[BlackTitle "FM"]
[WhiteElo "2263"]
[BlackElo "2321"]
[WhiteTeam "Scotland"]
[BlackTeam "Lithuania"]
[WhiteFideId "2403757"]
[BlackFideId "12805246"]
[EventDate "2019.10.24"]

1. e4 e5 2. Nf3 Nc6 3. Bc4 Bc5 4. c3 Nf6 5. d3 d6 6. Nbd2 a6 7. a4 Ba7 8. Bb3 h6
9. h3 Be6 10. Nc4 O-O 11. Bc2 b5 12. Ne3 d5 13. O-O d4 14. Nf5 Bxf5 15. exf5 Qd7
16. Nh4 Rad8 17. axb5 axb5 18. Qf3 Bc5 19. Ra6 Bb6 20. g4 e4 21. Qg2 dxc3 22. g5
hxg5 23. Bxg5 Qd6 24. bxc3 b4 25. dxe4 bxc3 26. Kh1 Nb4 27. Rg1 Nxa6 28. Bh6 Ng4
29. hxg4 Qxh6 30. Qh2 Rd2 31. g5 Qh5 32. Ng6 Qxh2+ 33. Kxh2 Rxf2+ 34. Kg3 Rf3+
35. Kxf3 Bxg1 36. Nxf8 Kxf8 0-1

[Event "22nd European Teams"]
[Site "Batumi GEO"]
[Date "2019.11.02"]
[Round "9.1"]
[Board "2"]
[White "Bosiocic, Marin"]
[Black "Volokitin, Andrei"]
[Result "1/2-1/2"]
[WhiteTitle "GM"]
[BlackTitle "GM"]
[WhiteElo "2619"]
[BlackElo "2627"]
[WhiteTeam "Croatia"]
[BlackTeam "Ukraine"]
[WhiteFideId "14507927"]
[BlackFideId "14107090"]
[EventDate "2019.10.24"]

1. e4 c5 2. Nf3 d6 3. Bb5+ Nd7 4. a4 Nf6 5. Nc3 a6 6. Be2 b6 7. d4 cxd4 8. Qxd4
e6 9. O-O Bb7 10. Rd1 Be7 11. e5 Bxf3 12. exd6 Bxe2 13. dxe7 Qxe7 14. Nxe2 O-O
15. b3 Qc5 16. Qxc5 Nxc5 17. Ba3 Rfc8 18. f3 Kf8 19. Nf4 Ke8 20. h4 Ra7 21. g4
Rd7 22. Bb2 Kf8 23. g5 Nd5 24. Nh5 g6 25. Nf6 Nxf6 26. Bxf6 Ke8 27. Kf2 Nb7 28.
c3 Nc5 29. b4 Rxd1 30. Rxd1 Nd7 31. Rd6 e5 32. f4 Rxc3 33. fxe5 Rc4 34. e6 Nxf6
35. exf7+ Kf8 36. Rxf6 Rxb4 37. a5 bxa5 38. Kg3 Rb3+ 39. Kg4 Rb4+ 40. Kg3 a4 41.
Rxa6 Rb3+ 42. Kg4 Rb4+ 43. Kg3 Kxf7 1/2-1/2

[Event "22nd European Teams"]
[Site "Batumi GEO"]
[Date "2019.11.02"]
[Round "9.1"]
[Board "3"]
[White "Moiseenko, Alexander"]
[Black "Stevic, Hrvoje"]
[Result "0-1"]
[WhiteTitle "GM"]
[BlackTitle "GM"]
[WhiteElo "2635"]
[BlackElo "2570"]
[WhiteTeam "Ukraine"]
[BlackTeam "Croatia"]
[WhiteFideId "14102560"]
[BlackFideId "14502569"]
[EventDate "2019.10.24"]

1. d4 d5 2. c4 dxc4 3. e4 e5 4. Nf3 Bb4+ 5. Nc3 exd4 6. Nxd4 Ne7 7. Bf4 Ng6 8.
Bg3 Qe7 9. Be2 O-O 10. O-O c6 11. Qc2 Ne5 12. Rad1 Na6 13. a3 Ba5 14. Bxe5 Qxe5
15. Bxc4 Bb6 16. Nf3 Qe7 17. Bxa6 bxa6 18. Na4 Bb7 19. b4 a5 20. Nc5 axb4 21.
axb4 Bc8 22. Nd4 Qc7 23. Ndb3 Bg4 24. Rd3 Rad8 25. h3 Rxd3 26. Qxd3 Rd8 27. Qe3
Bc8 28. Rc1 Qe5 29. f4 Qb2 30. Kh2 h6 31. Qe1 Bxc5 32. Nxc5 Rd2 33. Qg1 Qxb4 34.
Qe3 Qb2 35. Rg1 Rc2 36. Nd3 Qc3 37. Qg3 Qd4 38. f5 Qxe4 39. f6 Qg6 40. Qxg6 fxg6
41. Rb1 Bf5 42. Rb8+ Kf7 43. Nb4 Rc4 44. g4 Be4 45. fxg7 Kxg7 46. Na6 Rc2+ 47.
Kg1 Rg2+ 48. Kf1 Ra2 49. Nc5 Bg2+ 50. Kg1 Bxh3 51. Rb7+ Kf6 52. Ne4+ Ke5 53. Nf2
Ra1+ 54. Kh2 Bf1 55. Rh7 a5 56. Rxh6 a4 57. Rxg6 Bb5 58. Rg5+ Kd4 59. Rg8 a3 60.
Rd8+ Ke5 61. Re8+ Kf4 62. Rf8+ Ke3 63. g5 a2 64. Ng4+ Ke4 65. Ra8 Bc4 66. g6 Rc1
67. g7 a1=Q 68. Rxa1 Rxa1 0-1

[Event "22nd European Teams"]
[Site "Batumi GEO"]
[Date "2019.11.02"]
[Round "9.1"]
[Board "4"]
[White "Brkic, Ante"]
[Black "Onischuk, Vladimir"]
[Result "0-1"]
[WhiteTitle "GM"]
[BlackTitle "GM"]
[WhiteElo "2600"]
[BlackElo "2616"]
[WhiteTeam "Croatia"]
[BlackTeam "Ukraine"]
[WhiteFideId "14506688"]
[BlackFideId "14114038"]
[EventDate "2019.10.24"]

1. e4 e5 2. Nf3 Nc6 3. Bc4 Bc5 4. c3 Nf6 5. d3 d6 6. O-O a5 7. Re1 O-O 8. h3 h6
9. Nbd2 Be6 10. Bb5 Qb8 11. Bxc6 bxc6 12. d4 exd4 13. cxd4 Bb6 14. a4 Qa7 15.
Nf1 d5 16. Ng3 c5 17. e5 Ne4 18. Nxe4 dxe4 19. Rxe4 cxd4 20. Bxh6 gxh6 21. Qd2
Kg7 22. Rh4 Rh8 23. Ng5 Kf8 24. Nxe6+ fxe6 25. Rxh6 Rxh6 26. Qxh6+ Ke7 27. Qf6+
Kd7 28. Qf7+ Kc8 29. Qxe6+ Kb8 30. Qg8+ Kb7 31. Qd5+ Kb8 32. Qd8+ Kb7 33. Qd5+
Kb8 34. e6 Qb7 35. Qe5 Qc6 36. e7 Ka7 37. b4 Qc3 38. Re1 Re8 39. bxa5 Qxa5 40.
Qe4 Qb4 41. Re2 Bc5 42. Qc6 Bd6 43. g3 Qb1+ 44. Kh2 Qb8 45. Qd5 Qb6 46. Rd2 Rxe7
47. Qxd4 Bc5 48. Qf4 Qc6 49. Qc4 Re1 50. Rd5 Rc1 51. Qxc1 Qxd5 52. h4 Qd4 53. f4
Qd5 54. Qc2 Bb6 55. Qg6 c5 56. h5 c4 57. h6 Bd4 58. f5 c3 59. f6 Qe6 60. Qg7+
Kb6 61. h7 Qxf6 62. Qd7 Qh6+ 0-1

[Event "22nd European Teams"]
[Site "Batumi GEO"]
[Date "2019.11.02"]
[Round "9.3"]
[Board "1"]
[White "Nisipeanu, Liviu-Dieter"]
[Black "Adams, Michael"]
[Result "1/2-1/2"]
[WhiteTitle "GM"]
[BlackTitle "GM"]
[WhiteElo "2656"]
[BlackElo "2694"]
[WhiteTeam "Germany"]
[BlackTeam "England"]
[WhiteFideId "1202758"]
[BlackFideId "400041"]
[EventDate "2019.10.24"]

1. Nf3 d5 2. d4 Nf6 3. c4 e6 4. Nc3 Be7 5. g3 O-O 6. Bg2 dxc4 7. Ne5 c5 8. dxc5
Qxd1+ 9. Nxd1 Bxc5 10. O-O Nd5 11. Ne3 Bxe3 12. Bxe3 Nxe3 13. fxe3 c3 14. bxc3
Na6 15. Rab1 Rb8 16. Rf4 f6 17. Nd3 b5 18. c4 Bd7 19. Rd4 bxc4 20. Rxb8 Nxb8 21.
Rxc4 Rc8 22. Rb4 Na6 23. Rb7 Rc7 24. Rb2 Kf7 25. Bb7 Nc5 26. Nxc5 Rxc5 27. Be4
Rc7 28. Kf2 h6 29. Rb8 e5 30. Bd5+ Be6 1/2-1/2

[Event "22nd European Teams"]
[Site "Batumi GEO"]
[Date "2019.11.02"]
[Round "9.3"]
[Board "2"]
[White "McShane, Luke J"]
[Black "Bluebaum, Matthias"]
[Result "1/2-1/2"]
[WhiteTitle "GM"]
[BlackTitle "GM"]
[WhiteElo "2682"]
[BlackElo "2643"]
[WhiteTeam "England"]
[BlackTeam "Germany"]
[WhiteFideId "404853"]
[BlackFideId "24651516"]
[EventDate "2019.10.24"]

1. c4 c6 2. Nf3 d5 3. g3 g6 4. Qa4 Nf6 5. cxd5 Nxd5 6. Bg2 Bg7 7. d4 Nb6 8. Qc2
Bg4 9. Nbd2 Bxd4 10. Nxd4 Qxd4 11. e3 Qe5 12. h3 Be6 13. Nf3 Bf5 14. Nxe5 Bxc2
15. Kd2 Bf5 16. e4 Be6 17. b3 a5 18. Kc3 f6 19. Nd3 Na6 20. Be3 c5 21. Kb2 Nd7
22. e5 O-O-O 23. Nf4 Nc7 24. exf6 exf6 25. Nxe6 Nxe6 26. Rad1 Ne5 27. f4 Nc6 28.
Bxc6 bxc6 29. Bd2 Rd3 30. Bxa5 Rxg3 31. Rd6 Nxf4 32. Rxc6+ Kd7 33. Rxf6 Nd3+ 34.
Kb1 Re8 35. Rf7+ Re7 36. Rxe7+ Kxe7 37. h4 Kd6 38. Rf1 Rh3 39. Bd8 Kd5 40. Rf7
Rh1+ 41. Kc2 Nb4+ 42. Kd2 Rh2+ 43. Ke3 Nc2+ 44. Kd3 Nb4+ 45. Ke3 Rxa2 46. Rxh7
Ra3 47. Rd7+ Ke5 48. Re7+ Kf5 49. Rf7+ Ke5 50. Re7+ Kf5 51. Rf7+ Ke5 1/2-1/2

[Event "22nd European Teams"]
[Site "Batumi GEO"]
[Date "2019.11.02"]
[Round "9.3"]
[Board "3"]
[White "Fridman, Daniel"]
[Black "Howell, David W L"]
[Result "0-1"]
[WhiteTitle "GM"]
[BlackTitle "GM"]
[WhiteElo "2637"]
[BlackElo "2694"]
[WhiteTeam "Germany"]
[BlackTeam "England"]
[WhiteFideId "11600454"]
[BlackFideId "410608"]
[EventDate "2019.10.24"]

1. d4 Nf6 2. Nf3 g6 3. g3 d5 4. Bg2 Bg7 5. O-O O-O 6. c4 c6 7. Qb3 a5 8. Rd1 a4
9. Qb4 dxc4 10. Qxc4 Bf5 11. e3 Nbd7 12. Qe2 Qc7 13. Nbd2 e5 14. e4 Be6 15. Nc4
Nxe4 16. dxe5 Nec5 17. Bf4 Bxc4 18. Qxc4 Ne6 19. Bh3 Nb6 20. Qc1 Nxf4 21. gxf4
Bh6 22. Rd4 Rad8 23. Re4 Rd3 24. Bg2 Qe7 25. Qc2 Rfd8 26. Rae1 a3 27. b3 Qe6 28.
Rb4 Nc8 29. Rxb7 Bxf4 30. Qc4 Qxc4 31. bxc4 Rc3 32. Rb8 Rf8 33. Re4 Bh6 34. Nd4
Rxc4 35. Ra8 Nb6 36. Rxa3 Rc1+ 37. Bf1 Nc4 38. Rd3 Nd2 39. Rxd2 Bxd2 40. Kg2 Ra8
41. Nb3 Rc2 42. a4 Rb2 43. Bc4 Kg7 44. a5 Bxa5 45. Rf4 Bb6 46. Rxf7+ Kh6 47. e6
Rc2 48. Bd3 Rb2 49. Bc4 Re8 50. e7 Rb1 51. Kf3 Rd1 52. Rf6 Rxe7 53. Rxc6 Ba7 54.
Nc5 Rh1 55. Kg2 Rc1 56. Nd3 Rc2 57. Bb5 Rd2 58. Rf6 Kg7 59. Rf3 Rf7 60. Rxf7+
Kxf7 61. h3 Kf6 62. Kg3 Kf5 63. Kf3 Bb6 64. Bd7+ Kg5 65. Bb5 Kh4 66. Kg2 Ba7 67.
Bc4 Rc2 68. Bd5 Rc3 69. Be4 Kg5 70. Kg3 Ra3 71. Kf3 Kh4 72. Kg2 Ra5 73. Ne1 Rg5+
74. Kf1 Kxh3 75. Bc6 0-1

[Event "22nd European Teams"]
[Site "Batumi GEO"]
[Date "2019.11.02"]
[Round "9.3"]
[Board "4"]
[White "Jones, Gawain C B"]
[Black "Svane, Rasmus"]
[Result "1/2-1/2"]
[WhiteTitle "GM"]
[BlackTitle "GM"]
[WhiteElo "2688"]
[BlackElo "2592"]
[WhiteTeam "England"]
[BlackTeam "Germany"]
[WhiteFideId "409561"]
[BlackFideId "4657101"]
[EventDate "2019.10.24"]

1. e4 e5 2. Nf3 Nc6 3. Bb5 Nf6 4. O-O Nxe4 5. Re1 Nd6 6. Nxe5 Be7 7. Bf1 Nxe5 8.
Rxe5 O-O 9. d4 Bf6 10. Re1 Re8 11. Rxe8+ Nxe8 12. d5 d6 13. Nd2 a5 14. a4 Bg5
15. Ra3 Nf6 16. c4 Qe7 17. Nf3 Bxc1 18. Qxc1 Bd7 19. Qb1 b6 20. h3 g6 21. Nd4
Re8 22. b4 Qe4 23. Qb2 axb4 24. Re3 Qf4 25. Rf3 Qg5 26. Qxb4 Re4 27. Qc3 Qe5 28.
Nb5 Bxb5 29. axb5 Nd7 30. Qxe5 Nxe5 31. Rc3 Nd7 32. f3 Re7 33. Kf2 Kg7 34. Re3
Kf6 35. f4 Rxe3 36. Kxe3 Nc5 37. Be2 h6 38. Bd1 Nd7 39. Bg4 Nc5 40. Bd1 h5 41.
g3 Nd7 42. Be2 Nc5 1/2-1/2

[Event "22nd European Teams"]
[Site "Batumi GEO"]
[Date "2019.11.02"]
[Round "9.4"]
[Board "2"]
[White "Mastrovasilis, Dimitrios"]
[Black "Sargissian, Gabriel"]
[Result "1/2-1/2"]
[WhiteTitle "GM"]
[BlackTitle "GM"]
[WhiteElo "2596"]
[BlackElo "2690"]
[WhiteTeam "Greece"]
[BlackTeam "Armenia"]
[WhiteFideId "4202694"]
[BlackFideId "13300881"]
[EventDate "2019.10.24"]

1. e4 e5 2. Nf3 Nc6 3. Bb5 a6 4. Ba4 Nf6 5. O-O Be7 6. Re1 b5 7. Bb3 O-O 8. c3
d5 9. exd5 Nxd5 10. Nxe5 Nxe5 11. Rxe5 c6 12. d3 Bd6 13. Re1 Bf5 14. Qf3 Qh4 15.
g3 Qh3 16. Nd2 Rae8 17. Ne4 Bg4 18. Qg2 Qxg2+ 19. Kxg2 f5 20. h3 Bh5 21. Bf4
Bxf4 22. gxf4 fxe4 23. dxe4 Bf3+ 24. Kxf3 Rxf4+ 25. Kg3 Rfxe4 26. Rxe4 Rxe4 27.
f3 Re5 28. c4 bxc4 29. Bxc4 a5 30. Rc1 Kf8 31. Bxd5 cxd5 32. Rc5 a4 33. a3 Kf7
34. Ra5 Re2 35. Rxd5 Rxb2 36. Rd4 g5 37. Rxa4 Kg6 38. Ra6+ Kh5 39. Ra5 Rb3 40.
h4 h6 41. a4 Ra3 42. hxg5 hxg5 43. Ra8 Ra1 44. a5 Ra4 45. a6 Kg6 46. Kf2 Ra3 47.
Ke2 Kg7 48. a7 Kh7 49. Kd2 Kg7 50. Kc2 g4 51. fxg4 Ra6 52. Kd3 1/2-1/2

[Event "22nd European Teams"]
[Site "Batumi GEO"]
[Date "2019.11.02"]
[Round "9.4"]
[Board "3"]
[White "Melkumyan, Hrant"]
[Black "Banikas, Hristos"]
[Result "1-0"]
[WhiteTitle "GM"]
[BlackTitle "GM"]
[WhiteElo "2650"]
[BlackElo "2597"]
[WhiteTeam "Armenia"]
[BlackTeam "Greece"]
[WhiteFideId "13302485"]
[BlackFideId "4202031"]
[EventDate "2019.10.24"]

1. c4 Nf6 2. Nf3 c5 3. Nc3 Nc6 4. g3 g6 5. d4 cxd4 6. Nxd4 Bg7 7. Bg2 O-O 8. O-O
Nxd4 9. Qxd4 d6 10. Qd3 a6 11. Be3 Qa5 12. Qd2 Re8 13. Rfd1 Ng4 14. Nd5 Qxd2 15.
Bxd2 Rb8 16. Bg5 f6 17. Bf4 g5 18. Nxe7+ 1-0

[Event "22nd European Teams"]
[Site "Batumi GEO"]
[Date "2019.11.02"]
[Round "9.4"]
[Board "4"]
[White "Mastrovasilis, Athanasios"]
[Black "Pashikian, Arman"]
[Result "1/2-1/2"]
[WhiteTitle "GM"]
[BlackTitle "GM"]
[WhiteElo "2521"]
[BlackElo "2599"]
[WhiteTeam "Greece"]
[BlackTeam "Armenia"]
[WhiteFideId "4201990"]
[BlackFideId "13301578"]
[EventDate "2019.10.24"]

1. d4 Nf6 2. c4 e6 3. Nc3 Bb4 4. Nf3 d5 5. Bg5 dxc4 6. e4 h6 7. Bxf6 Qxf6 8.
Bxc4 c5 9. O-O cxd4 10. Nb5 Qe7 11. Qxd4 O-O 12. Nxa7 Bc5 13. Nxc8 Rxc8 14. Qd3
Nc6 15. Bb5 Rd8 16. Qe2 Nd4 17. Nxd4 Rxd4 18. a4 Rad8 19. Rad1 Qf6 20. Rd3 Rxd3
21. Bxd3 Qd4 22. Rd1 Qxa4 23. Bc2 Rxd1+ 24. Bxd1 Qd4 25. g3 g5 26. Kg2 Kf8 27.
b3 Ke7 28. Bc2 b6 29. Bd3 Kd6 30. Bc2 Ke5 31. Bd3 Kd6 32. Bc4 1/2-1/2

[Event "22nd European Teams"]
[Site "Batumi GEO"]
[Date "2019.11.02"]
[Round "9.5"]
[Board "2"]
[White "Nguyen, Thai Dai Van"]
[Black "Edouard, Romain"]
[Result "0-1"]
[WhiteTitle "GM"]
[BlackTitle "GM"]
[WhiteElo "2545"]
[BlackElo "2641"]
[WhiteTeam "Czech Republic"]
[BlackTeam "France"]
[WhiteFideId "358878"]
[BlackFideId "633429"]
[EventDate "2019.10.24"]

1. d4 Nf6 2. c4 c5 3. d5 g6 4. Nc3 Bg7 5. e4 d6 6. Bd3 e6 7. h3 O-O 8. Nf3 Nbd7
9. O-O e5 10. g4 h5 11. Bg5 hxg4 12. hxg4 a6 13. Nd2 Qe8 14. Kg2 Nh7 15. Be3 Qe7
16. Rh1 Bf6 17. Qf3 Bg5 18. Qh3 f6 19. Nf3 Bxe3 20. fxe3 Rf7 21. Qg3 Rg7 22. Kf2
Ng5 23. Nxg5 fxg5 24. a4 Nf6 25. Be2 Bd7 26. Kg2 Rh7 27. Rxh7 Qxh7 28. Rh1 Qg7
29. Rb1 Rc8 30. Qh3 Kf7 31. Rh1 Rg8 32. Rh2 Ke7 33. Rh1 Kd8 34. b3 Kc7 35. Bf3
Kb6 36. Nd1 Rf8 37. Nf2 Nh5 38. Be2 Ka7 39. Nd3 Nf6 40. Bf3 Bc8 41. Qg3 Qc7 42.
Rh6 Qb6 43. Bd1 Nxe4 44. Qe1 Qc7 45. Bf3 Nf6 46. Nf2 Qg7 47. Rh1 e4 48. Be2 Nd7
49. Qa1 Qe7 50. Rh8 Nf6 51. Rxf8 Qxf8 52. Qc3 Qe7 53. Bd1 Bd7 54. a5 Be8 55. Bc2
Bf7 56. Qb2 Kb8 57. Qc3 Be8 58. Qb2 Bd7 59. Bd1 Bc8 60. Qc3 Kc7 61. Qb2 Kd8 62.
Qc3 Ke8 63. Kg3 Kf7 64. Nh3 Kg8 65. Nf2 Nd7 66. Kg2 Ne5 67. Qc2 Qd8 68. Qc3 Kh7
69. Kg3 Qf6 70. Qc2 Qd8 71. Qc3 Qf8 72. Qc2 Kg7 73. Be2 Qd8 74. Nxe4 Qxa5 75.
Qc1 Qd8 76. Qc3 Qe7 77. Nf2 Kf7 78. Ne4 Bd7 79. Nd2 b5 80. Bd1 b4 81. Qc2 Nxg4
82. Bxg4 Qxe3+ 83. Bf3 g4 84. Qb2 Qc3 85. Qa2 g5 86. Qb1 Qxd2 87. Qh7+ Ke8 88.
Be4 Qe3+ 89. Kg2 Qh3+ 0-1